000 00662nam a2200277Ia 4500
005 20260324143950.0
008 008 260324s9999 xx 000 0 eng d
020 _a9781003573784
037 _aEBOOK
040 _aCRL
040 _beng
040 _cCRL
041 _2eng
041 _aeng
084 _qCRL
100 _aAdelin Albert; Eugene K. Harris
_91217572
245 0 _aSurvivorship Analysis for Clinical Studies
260 _bTaylor and Francis
260 _c1990
365 _a
365 _b465
856 _uhttp://www.taylorfrancis.com/books/9781003573784
942 _cEBOOK
999 _c1823622
_d1823622